| 000 | 00365nam a22001457a 4500 | ||
|---|---|---|---|
| 020 | _qPB. | ||
| 040 | _cFIZZA ISHAQ | ||
| 082 |
_a020.3 _bJOH |
||
| 100 |
_aFEATHER, JOHN. _987183 |
||
| 245 |
_aINTERNATIONAL ENCYCLOPEDIA OF INFORMATION / _cJOHN FEATHER. |
||
| 250 | _a2nd ED. | ||
| 260 |
_aNEW YORK : _bROUTLEDGE, _c2003. |
||
| 300 | _a688 P. ; | ||
| 942 |
_2ddc _cBK |
||
| 999 |
_c587476 _d587476 |
||